| 000 | 00983nam a2200229Ia 4500 | ||
|---|---|---|---|
| 003 | Ost | ||
| 005 | 20260507075647.0 | ||
| 008 | 260507s9999||||xx |||||||||||||| ||und|| | ||
| 020 | _a6386300977 | ||
| 040 | _cfsecg | ||
| 041 | _aara | ||
| 082 | _a301.1 | ||
| 100 |
_aماهر، أحمد _eمؤلف |
||
| 245 | 0 |
_aالسلوك التنظيمي : _bمدخل بناء المهارات / _c أحمد ماهر |
|
| 260 |
_aالإسكندرية: _bالدار الجامعية, _c2003 |
||
| 300 |
_a490 صفحة؛ _bإيضاحات ؛ _c24 سم |
||
| 520 | _aمقدمة في السلوك التنظيمي- الإدراك- التعلم- الدافعية- الشخصية- الإتجاهات النفسية- جماعات العمل- القيادة- الإتصال- ضغوط العمل- التغيير والتطوير التنظيمي. | ||
| 653 | _aالسلوك التنظيمي | ||
| 653 | _aتنظيم وعمل | ||
| 653 | _aعلم النفس الإجتماعي | ||
| 942 | _cكتاب | ||
| 999 |
_c45520 _d45520 |
||